20 1M cities Likely to be Closest to Random Point - Statistics

General Stats
  • This quiz has been taken 617 times
  • The average score is 6 of 20
Answer Stats
% City % Correct
1.5% Tokyo
81%
2.7% Cape Town
55%
8.7% Auckland
54%
3.5% Perth
52%
2.0% Melbourne
49%
1.5% Lima
45%
1.4% Vancouver
40%
3.0% Brisbane
32%
2.5% Antananarivo
30%
1.3% Colombo
28%
1.6% Edmonton
22%
2.0% Montevideo
22%
2.5% San Francisco
19%
2.1% Sapporo
16%
2.3% Guadalajara
6%
1.9% Port Elizabeth
6%
2.9% Valparaiso
5%
1.6% Davao
4%
1.8% Tijuana
4%
1.1% Sendai
3%
No matching quizzes found
Score Distribution
Percent of People with Each Score
Percentile by Number Answered
Your Score History
You have not taken this quiz